000 00700nam a2200205 i 4500
001 30062
003 ES-MaACL
005 20230906154131.0
007 t|
008 030123s1980 sp ||||1| spa d
100 1 _aBarrigón González, José Luis.
_925984
245 1 3 _aLa filosofía política de Jean Paul Sartre /
_cJosé Luis Barrigón Vázquez.
260 _aLeón :
_bColegio Universitario de León,
_c1980.
300 _a341 p. ;
_c22 cm.
490 1 _aUniversidad de Investigación. Publicaciones
710 2 _aColegio Universitario de León.
_92991
830 0 _aUniversidad de Investigación. Publicaciones
_9229319
852 _aES-MaACL
_jL-161
_bR.100359
999 _c30062
_d30062